000 00408nam a2200157Ia 4500
008 230711s9999||||xx |||||||||||||| ||und||
041 _aENG
082 _a621.319
_bKU-P
100 _aKundur,Prabha
245 0 _aPower system stability and control
250 _a1st Ed.
260 _c2006
_aNew Delhi
_bTata McGraw Hill Education Limited
300 _a1176
650 _aElectrical Engineering
942 _cBK
999 _c4462
_d4462